000 00525nam a2200133Ia 4500
003 GCL
008 140319s9999 xx 000 0 ara d
040 _aGCL /
_cGCL
082 0 4 _a301.1
_bح ع
100 1 _aحسين عبدالحميد احمد رشوان
245 1 0 _aالعلاقات الانسانية فى مجالات علم النفس , علم الاجتماع, علم الادارة /
_cحسين عبدالحميد احمد رشوان
300 _a297 ص
490 _aالهيئة العامة للاستعلامات
_v0
999 _c49319
_d49319